Kâşgar ağzından derlemeler. (Record no. 50831)

MARC details
000 -LEADER
fixed length control field 00735cam a22002291 4500
001 - CONTROL NUMBER
control field ne 68003806
003 - CONTROL NUMBER IDENTIFIER
control field DLC
005 - DATE AND TIME OF LATEST TRANSACTION
control field 20260227111847.0
008 - FIXED-LENGTH DATA ELEMENTS--GENERAL INFORMATION
fixed length control field 750930s1965 tu b 001 0 tur
010 ## - LIBRARY OF CONGRESS CONTROL NUMBER
LC control number ne 68003806
035 ## - SYSTEM CONTROL NUMBER
System control number (OCoLC)1663272
040 ## - CATALOGING SOURCE
Original cataloging agency DLC
Transcribing agency OU
Modifying agency DLC
042 ## - AUTHENTICATION CODE
Authentication code premarc
050 00 - LIBRARY OF CONGRESS CALL NUMBER
Classification number PL55.K3
Item number A7
100 1# - MAIN ENTRY--PERSONAL NAME
Personal name Aratan, Ekrem Ural.
245 10 - TITLE STATEMENT
Title Kâşgar ağzından derlemeler.
260 ## - PUBLICATION, DISTRIBUTION, ETC.
Place of publication, distribution, etc. [Ankara]
Name of publisher, distributor, etc. Ankara Üniversitesi Basımevi [Yayınlayan: Türk Kültürünü Araştırma Enstitüsü]
Date of publication, distribution, etc. 1965.
300 ## - PHYSICAL DESCRIPTION
Extent viii, 72 p.
Dimensions 24 cm.
490 0# - SERIES STATEMENT
Series statement Türk Kültürünü Araştırma Enstitüsü yayınlari, 12. Seri 5, sayı: A-5
504 ## - BIBLIOGRAPHY, ETC. NOTE
Bibliography, etc. note Bibliography: p. 5.
650 #0 - SUBJECT ADDED ENTRY--TOPICAL TERM
Topical term or geographic name entry element Kashgar language
General subdivision Texts.

No items available.

Powered by Koha